|
|
|
|
| LEADER |
00000nam0a2200000 4500 |
| 001 |
38701 |
| 005 |
20231101210520.0 |
| 010 |
|
|
|a 5283014908
|
| 035 |
|
|
|a (RuTPU)RU\TPU\book\39503
|
| 090 |
|
|
|a 38701
|
| 100 |
|
|
|a 20020314d1988 m y0rusy50 ca
|
| 101 |
0 |
|
|a rus
|
| 102 |
|
|
|a RU
|
| 105 |
|
|
|a a z 001zy
|
| 200 |
1 |
|
|a Средства комплексной отладки микропроцессорных устройств
|f С. Б. Домнин, Е. А. Иванов, Л. Л. Муренко
|g Под ред. В. Г. Домрачева
|
| 210 |
|
|
|a Москва
|c Энергоатомиздат
|d 1988
|
| 215 |
|
|
|a 142 с.
|c ил.
|
| 225 |
1 |
|
|a Микропроцессорные БИС и их применение
|
| 320 |
|
|
|a Библиогр.: с. 145.
|
| 606 |
|
|
|a Микропроцессорные системы
|x Отладка
|x Обслуживание
|2 stltpush
|3 (RuTPU)RU\TPU\subj\43712
|9 63172
|
| 610 |
1 |
|
|a информатика
|
| 610 |
1 |
|
|a микропроцессоры
|
| 610 |
1 |
|
|a отладка
|
| 610 |
1 |
|
|a технология
|
| 675 |
|
|
|a 681.325.5-181.48
|v 3
|
| 700 |
|
1 |
|a Домнин
|b С. Б.
|g Сергей Борисович
|
| 701 |
|
1 |
|a Иванов
|b Е. А.
|g Евгений Александрович
|
| 701 |
|
1 |
|a Муренко
|b Л. Л.
|g Леонид Леонтьевич
|
| 702 |
|
1 |
|a Домрачев
|b В. Г.
|4 340
|
| 801 |
|
1 |
|a RU
|b 63413507
|c 20020314
|g PSBO
|
| 801 |
|
2 |
|a RU
|b 63413507
|c 20180320
|g PSBO
|
| 942 |
|
|
|c BK
|